| 000 | 01049nac a22003137a 4500 | ||
|---|---|---|---|
| 001 | BR8205163 | ||
| 003 | BR-BrBNA | ||
| 005 | 20240105115505.0 | ||
| 008 | 230509b bl.|||m| |||| 00| 0 por d | ||
| 040 |
_aBR-BrBNA _bpor _cBiblioteca Nacional de Agricultura |
||
| 072 | _aM10 | ||
| 090 | _aM10 BR8205163 | ||
| 100 | 1 | _aHaimovici, M. | |
| 100 | 1 | _aHabiaga, R.P. | |
| 110 | 1 |
_aFundacao Universidade do Rio Grande, RS (Brasil). Depto. de Oceanografia _95056 |
|
| 245 | 1 | _aRejeicao a bordo na pesca de arrasto de fundo no litoral do Rio Grande do Sul num cruzeiro de primavera [Brasil] | |
| 260 | 3 |
_aRio Grande, RS (Brasil): _c1982. |
|
| 300 | _a14 p. | ||
| 490 |
_aDocumentos Tecnicos - Fundacao Universidade do Rio Grande. Depto. de Oceanografia (Brazil) _vno. 2 _x |
||
| 500 | _aSummary (En); 9 ref. | ||
| 650 | _aPESCA | ||
| 650 | _aRECURSO PESQUEIRO | ||
| 650 | _aCAPTURA | ||
| 650 | _aEMBARQUE | ||
| 650 | _aLITORAL | ||
| 650 | _aRIO GRANDE DO SUL | ||
| 909 |
_a202312 _bLúcia Elande _c55 _dLúcia Elande |
||
| 942 |
_2AGRIS _n0 _cMS |
||
| 999 |
_c275043 _d275043 |
||